Pokémon Master Ex duos par capacité duo - Statistiques

Statistiques générales
  • Ce quiz a été pris 67 fois
    14 depuis la dernière actualisation
  • Le résultat moyen est 236 sur 495
Statistiques - réponses
Hint Réponse % Correct
La force de l'âge ! Châtiment ! Agatha & Ectoplasma
86%
Je suis sans égal ! TrouDimensionnel ! Alexis & Hoopa
86%
Place au plus bling-bling des rois ! Ruée d'Or ! Alexis (Ultime) & Gromago
86%
Maîtresse en Chef et guide pour tous ! Toupie Éclat ! Alisma & Floréclat
86%
Je sauverai le monde ! Draco Météore ! Amaryllis & Rayquaza
86%
Les ténèbres guident ma plume... Ball'Ombre ! Anis & Lugulabre
86%
Déluge Causti-Toxique de la Sista ! Apocyne & Malamandre
86%
Dracogriffe aux cœur vertueux ! Aragon & Drattak
86%
Un monde idéal ! Onde Originelle ! Arthur & Kyogre
86%
L'annonce magique ! Draco Météore ! Atalante & Altaria
86%
À travers le temps et l'espace ! Triple Flèche ! Aurel & Archéduc de Hisui
86%
Sucré et crémeux ! Duo-Laser Fée ! Aurore (Saison 2021) & Charmilly
86%
Chassons les cauchemars ! Danse Lune ! Aurore (Ultime) & Cresselia
86%
Trop d'la Ball ! Laser Poison ! Ball Masqué & Gaulet
86%
Un Barbaragoût, un ! Pétalexplosion ! Barbara & Sucreine
86%
Vindiou, ça secoue ! Piétisol ! Bardane & Crapustule
86%
Nous sommes des durs ! Direct Toxik ! Béladonis & Cradopaud
86%
Attaque grave trop cool ! Charge ! Blanche & Ecrémeuh
86%
Vent Violent du champion du monde ! Blue & Roucarnage
86%
Le monde entier me connaît ! Fatal-Foudre ! Blue (Néo-Maître) & Électhor
86%
Le top du top ! Hydroblast ! Blue (Ultime) & Tortank
86%
Finissons-en ! Lame-Feuille ! Brice & Jungko
86%
DJ Darkness, c'est du sérieux ! Génusection ! Brome & Scalpereur
86%
Piqué de l'acrobate des cieux ! Carolina & Lakmécygne
86%
Distribution de bonheur ! Lame d'Air ! Carolina (Saison 2020) & Togekiss
86%
Je suis votre examinatrice ! Telluriforce ! Cayenn & Terraiste
86%
Fais battre mon cœur d'or ! Tempête Verte ! Célesta & Méganium
86%
Adorable tromperie ! Impact Sol ! Célesta (Look Spécial) & Phanpy
86%
À travers le temps ! Feuille Magik ! Célesta (Ultime) & Celebi
86%
Attention au départ ! Tunnelier ! Chammal & Minotaupe
86%
Le métro de la victoire, Lame de Roc ! Chamsin & Aéroptéryx
86%
C'est parti, partenaire ! Pika-Fracas ! Chase & Pikachu
86%
Guide-moi, Ô cœur pur ! Hydroqueue ! Christy & Aligatueur
86%
Un proviseur sévère mais juste ! Danse Aquatique ! Clavel & Palmaval
86%
Unique et extravagante ! Feinte ! Cléa & Noctali
86%
Analyse de la victoire...♪ Séisme ! Courtney & Camérupt
86%
Le choc des mythes ! Séisme ! Cynthia & Carchacrok
86%
Que tremblent ciel et terre ! Capacité Ultime : Séisme ! Cynthia (Arceus) & Carchacrok
86%
Écrivons l'Histoire ! Vibrécaille ! Cynthia (Ultime) & Ekaiser
86%
Sourire de l'audacieuse Diva Arcade ! Laser Eau ! Dahlia & Ludicolo
86%
Au fond du Trou Noir des Ombres ! Danh & Persian d'Alola
86%
Un nouveau rôle ! Pouvoir Lunaire ! Dianthéa & Gardevoir
86%
Noble beauté ! Orage Adamantin ! Dianthéa (Ultime) & Diancie
86%
Abondance de gratitude ! Laser Plante ! Echo (Look Spécial) & Shaymin (Forme Céleste)
86%
Souvenirs couleur sépia ! Chant Antique ! Echo (Néo-Maître) & Meloetta
86%
Des cadeaux par milliers ! Bec Vrille ! Echo (Saison 2019) & Cadoizo
86%
Allez, partenaire ! Évo-Chardasso ! Elaine & Évoli
86%
Futur radieux, Symphonie des Ondines ! Elio & Oratoria
86%
Je vais vous protéger... Cocon Fatal ! Elsa-Mina & Cancrelove
86%
Tout pour Son Altesse ! Tranche-Nuit ! Elvis & Corboss
86%
Voici la fiancée de la nature ! Danse-Fleur ! Erika & Rafflesia
86%
Voie d'un ninja aux dons de couturier ! Détricanon ! Erio & Vrombotor
86%
Tranquiiille ! Hurlement des Roches-Lames ! Euphorbe & Lougaroc (Diurne)
86%
Je sors de mes gonds ! Joute Astrale ! Faiza & Palarticho
86%
La force de la main verte ! Tempête Verte ! Flo & Roserade
86%
Parcourons le monde ! Ocroupi ! Flora & Laggron
86%
Renforçons notre amitié ! Ball'Brume ! Flora (Anniversaire 2022) & Latias
86%
Montrer qui nous sommes ! Pied Brûleur ! Flora (Ultime) & Braségali
86%
Pépin de l'espoir et de l'ambition ! Turbo Volt ! Florian & Miraidon
86%
Domination totale ! Ère Glaciaire ! Ghetis & Kyurem
86%
Pour diriger le monde ! Frappe Psy ! Giovanni & Mewtwo
86%
Assouvissement d'une avidité démesurée ! Mâchouille ! Giovanni (Ultime 2) & Engloutyran
86%
Froid extrême ! Lyophilisation ! Glacia & Oniglali
86%
Pour me surpasser ! Coup Varia-Type ! Gladio & Silvallié
86%
La douceur est aussi source de force ! Canon Floral ! Gladio (Ultime) & Magearna
86%
Gagner pour demain ! Gladius Maximus ! Gloria & Zacian
86%
Place au Freeze-Rider... Avalanche ! Grusha & Balbalèze
86%
Place au boss ! Plaie-Croix ! Guzma & Sarmurai
86%
Pour recréer le monde ! Spatio-Rift ! Hélio & Palkia
86%
Flashs braqués sur moi ! Tonnerre ! Inézia (Ultime) & Motisma
86%
Admire la danse des dragons ! Colère ! Iris & Tranchodon
86%
Professeur de biologie tête en l'air ! Double Laser ! Jacq & Farigiraf
86%
Jusqu'à la voie lactée ! Détritus ! James & Smogogo
86%
Il y en a pour tous les goûts ! Laser Fée ! Joueur & Charmilly
86%
Naissance des émotions ! Laser Psy ! Joueur & Créfollet
86%
J'ai confiance en toi ! Fatal-Foudre ! Joueur & Pikachu
86%
Ensemble ! Hélio-Choc Dévastateur ! Joueur & Solgaleo
86%
Je règne sur le royaume magique ! Impact Psy ! Jujube & Rhinolove
86%
Pépin de la grandeur et de la tradition ! Nitro Crash ! Juliana & Koraidon
86%
Le vent de la victoire ! Piqué Supersonique ! Kahili & Bazoucan
86%
Tempête insaisissable ! Sheauriken ! Kalem (Néo-Maître) & Amphinobi (Eau)
86%
Danseur du feu ! Pyro-Explosion ! Kiawe & Ossatueur d'Alola
86%
Je suis l'Aigle de la Tour ! Impact Normal ! Koner & Regigigas
86%
C'est moi le plus cruel ! Laser Vol ! Lance & Nosferalto
86%
J'aime les Pokémon plus que tout ! Déflagration ! Leaf (Néo-Maître) & Sulfura
86%
En harmonie avec ma sœur ! Psykoud'boul ! Lévy & Solaroc
86%
Éclairons la nuit ! Rayon Spectral ! Lilie (Anniversaire 2021) & Lunala
86%
Le meilleur de tous les cœurs ! Hélio-Choc Dévastateur ! Lilie (Anniversaire 2024) & Solgaleo
86%
Lumière bienveillante ! Hurle-Temps ! Louka & Dialga
86%
Affûté comme l'esprit, Coquilame ! Ludwig & Clamiral
86%
Une passion débordante ! Éruption ! Luth & Typhlosion
86%
Âme brillante ! Aéroblast ! Luth (Ultime) & Lugia
86%
Élimination préventive ! Mort'Ailes Lysandre & Yveltal
86%
Comme à l'entraînement ! Rayon Chargé ! Major Bob & Electrode
86%
Présentatrice explosive ! Impact Feu ! Malva & Flambusard
86%
Le prince de l'eau ! Hydrocanon ! Marc & Milobellus
86%
Appel des Ombres de la famille royale ! Margie & Trépassable
86%
Pour l'amour des Ténèbres ! Vibrobscur ! Marion & Démolosse
86%
Streameuse Survoltée ! ★ Élecanon ! Mashynn & Ampibidou
86%
Un mystère qui fait le buzz ! Laser Spectre ! Mashynn (Saison 2024) & Flotte-Mèche
86%
Pour l'humanité ! Lame Pangéenne ! Max & Groudon
86%
Touche-à-tout et tête brûlée ! Canon Blindé ! Meloco & Carmadura
86%
Nos compétences s'améliorent ! Double Décharge ! Menzi & Pohmarmotte
86%
Je suis l'élu ! Laser Spectre ! Mortimer & Magirêve
86%
Un nouveau but ! Feu Sacré ! Mortimer (Ultime) & Ho-oh
86%
Mon vrai rêve ! Aegis Maxima ! Nabil & Zamazenta
86%
Le lien qui nous unit ! Charge Foudre ! N & Zékrom
86%
Amour bouleversant ! Flamme Bleue ! N (Anniversaire 2021) & Reshiram
86%
Passons au plat principal ! Octazooka ! Narcisse (Saison 2019) & Octillery
86%
Idole du public et impératrice de l'enfer ! Coup Croix ! Nèflie & Courrousinge
86%
Révéler le potentiel caché ! Lancécrou ! Nikolaï & Cliticlic
86%
Vivacité de la benjamine ! Impact Sol ! Nix & Démétéros (Forme Avatar)
86%
L'Agent Lambda est là... Hyperceuse... ! Okuba & Deusolourdo
86%
Deux sirènes à l'attaque ! Hydrocanon ! Ondine (Ultime) & Aquali
86%
Loyal et consciencieux ! Rapace ! Parsley & Etouraptor
86%
Tous muscles dehors ! Marteau de Glace ! Pectorius & Crabominable
86%
La douceur du sommeil éternel ! Psyko ! Percila & Symbios
86%
Marchand et passionné de ruines ! Éclat Magique ! Percupio & Togepi
86%
La fierté des fermiers ! Impact Plante ! Percy & Blancoton
86%
Un pouvoir inégalable ! Colère ! Peter & Dracolosse
86%
Ascension héroïque ! Capacité Ultime : Colère ! Peter (Arceus) & Dracolosse
86%
Pour mon public ! Exécu-Son ! Peterson & Ixon
86%
Spleen bleu électrique ! Overdrive ! Peterson (Ultime) & Salarsen (Forme Grave)
86%
Quinte Flush Royale ! Tranche-Nuit ! Pieris & Leopardus
86%
Pile ou face ! Tête de Fer ! Pieris (Kimono) & Scalproie
86%
Plus dur que le roc ! Éboulement ! Pierre & Onix
86%
En quête de gloire ! Draco-Ascension ! Pierre Rochard (Anniversaire 2021) & Rayquaza
86%
Forgés dans l'acier ! Capacité Ultime : Poing Météore ! Pierre Rochard (Arceus) & Métalosse
86%
Volonté de l'univers ! Psycho-Boost ! Pierre Rochard (Ultime) & Deoxys
86%
Plus dur que tout !!! Lame de Roc ! Pierre (Ultime) & Tyranocif
86%
Le Roc sort de sa mine ! Fracass'Tête ! Pierrick & Charkos
86%
Pour découvrir Kalos ! Géo-Contrôle ! Platane & Xerneas
86%
Les Pokémon solides, c'est les plus forts ! Marteau Mastoc ! Popi & Forgelina
86%
L'or, c'est le plus fort, d'abord ! Impact Acier ! Popi (Saison 2025) & Steelix
86%
La légende vivante ! Rafale Feu ! Red (Ultime) & Dracaufeu
86%
Pas de crédit ! Bulles d'O ! René & Pingoleon
86%
Ça va faire un max de likes ! Impact Sol ! Roy (Saison 2025) & Dunaconda
86%
Amitié survoltée ! Giga-Tonnerre ! Sacha & Pikachu
86%
Pour notre avenir ! Feu Ensorcelé ! Serena & Goupelin
86%
Célérité d'un ninja ! Sheauriken ! Serena (Néo-Maître) & Amphinobi (Eau)
86%
Mystérieux pouvoir ! Sanction Suprême ! Serena (Ultime) & Zygarde (50 %)
86%
Pour la prospérité de Galar ! Impact Acier ! Shehroz & Berserkatt
86%
Personne ne m'égalera ! Feu Sacré ! Silver & Ho-oh
86%
Un défi chargé d'émotions ! Éboulement ! Silver (Néo-Maître) & Tyranocif
86%
Pour toi, je deviendrai le plus fort ! Triple Axel ! Silver (Ultime) & Farfuret
86%
Je sais que je suis sympa, mais... Laser Poison ! Sophora & Flagadoss de Galar
86%
Venu du pays des morts : Poing Ombre ! Spectra & Noctunoir
86%
Un poison nommé Strykna ! Direct Toxik ! Strykna & Brutapode
86%
Le Maître Invaincu ! Déflagration ! Tarak & Dracaufeu
86%
Exaltation embrasée ! Capacité Ultime : Déflagration ! Tarak (Arceus) & Dracaufeu
86%
En harmonie avec mon frère ! Psyko ! Tatia & Séléroc
86%
Toujours en quête de vérité ! Bélier ! Tcheren & Mastouffe
86%
Je suis le mur que vous devez abattre ! Typhon Hivernal ! Tcheren (Néo-Maître) & Boréas (Forme Avatar)
86%
Montjoie ! Tête de Fer ! Thyméo & Exagide
86%
Trooop bien ! Fulguro-Lance Gigavolt ! Tili & Raichu d'Alola
86%
Divinité cruelle ! Fulguro-Lance Gigavolt ! Tili (Ultime) & Tokorico
86%
Donnez-moi du courage ! Close Combat ! Timmy & Gallame
86%
À l'assaut du monde ! Éclat Magique ! Timmy (Ultime) & Gardevoir
86%
En un mot : sublime ! Éclat Magique ! Valeriane & Nymphali
86%
Troisième Châtelaine ! Impact Feu ! Vesper & Entei
86%
Déclencheur en mode rafale ! Vent Argenté Violette & Maskadra
86%
Perfection entomique ! Appel Attaque ! Aaron & Apireine
71%
Les voyages, c'est formateur ! Dynamopoing ! Aldo & Mackogneur
71%
Coupe de printemps ! Tranch'Herbe ! Amaro & Empiflor
71%
L'art des Insectes ! Survinsecte ! Artie & Manternel
71%
Lançons-nous sur une nouvelle voie ! Lame Sainte ! Bianca (Néo-Maître) & Viridium
71%
Tout était calculé ! Luminocanon ! Cardus & Archéodong
71%
C'est moi la reine ! Crochet Venin ! Charline & Séviper
71%
Que ta quête commence ! Impact Poison ! Chen & Nidorino
71%
Indéfectible pilier de l'académie ! Impact Plante ! Clavel (Académie Raisin) & Poussacha
71%
Fait chauffer la gomme ! Poing Boost ! Cornélia & Lucario
71%
Sentiments Entremêlés ! Clepto-Mânes ! Cornélia (Ultime) & Marshadow
71%
Esprit instable ! Revenant ! Cynthia (Ultime 2) & Giratina
71%
Protecteur du trésor royal ! Laser Spectre ! Elvis & Mordudor (Forme Coffre)
71%
Un temps à faire la sieste ! Lame Feuille ! Erika (Ultime) & Phyllali
71%
La rudesse du froid hivernal ! Onde Boréale ! Frédo & Lamantine
71%
Corrodons le monde ! Impact Poison ! Giovanni & Nidorino
71%
Orgueil maléfique ! Impact Normal Giovanni (Classique) & Persian
71%
Con-cen-tra-tion ! Avalanche ! Gladys & Blizzaroi
71%
Saveur nostalgique ! Impact Glace ! Gladys (Saison 2024) & Darumacho de Galar
71%
Vive les Insectes ! Double-Dard ! Hector & Dardargnan
71%
Une symphonie d'émotions ! Impact Insecte ! Hector (Saison 2024) & Mélokrik
71%
Beauté sucrée ! Impact Vol ! Inézia (Saison 2023) & Togetic
71%
Une défense d'acier ! Queue de Fer ! Jasmine & Steelix
71%
Technique secrète de Papa ! Poison-Croix ! Jeannine & Migalos
71%
Vol nocturne silencieux ! Laser Poison ! Jeannine & Nostenfer
71%
Écraser l'amour et la vérité ! Acide ! Jessie & Arbok
71%
Duo-Impact Plante ! Joueur & Florizarre
71%
Duo-Impact Feu Joueur & Poussifeu
71%
Duo-Laser Eau ! Joueur & Tortank
71%
La danseuse enchanteresse ! Ball'Ombre ! Kiméra & Magirêve
71%
Technique secrète de ninja ! Bomb-Beurk ! Koga & Nostenfer
71%
La voie du guerrier ! Mitra-Poing ! Kunz & Bétochef
71%
Possibilités infinies ! Neuf pour Un ! Leaf & Evoli
71%
L'esprit de la nature ! Végé-Attak ! Leaf (Ultime) & Florizarre
71%
Voie de la science ! Impact Électrik ! Lem & Magnéton
71%
La déferlante est prête ! Aqua-Jet ! Lovis & Mustéflott
71%
Tout mon savoir-faire ! Vagues à Lames ! Lucia & Clamiral de Hisui
71%
Esprit combatif infini ! Coup Victoire ! Ludvina (Ultime) & Victini
71%
Fondation d'une région ! Hydrocanon ! Lysandre (Ultime) & Volcanion
71%
Élégante pyrotechnie ! Laser Feu ! Marc (Saison 2024) & Pierroteknik
71%
J'ai confiance en mon Pokémon ! Peignée ! Matis & Frison
71%
C'est nous le Duo gagnant ! Rapace ! Mélis & Gueriaigle
71%
Sentiments mélismatiques ! Draco-Griffe ! Mélis (Néo-Maître) & Tranchodon
71%
Affaire classée ! Poison-Croix ! Millie & Nostenfer
71%
J'avais prédit ce combat. Vague Psy ! Morgane & Alakazam
71%
Je vois l'invisible ! Hantise ! Mortimer & Grodrive
71%
Spécialité du chef ! Vibraqua ! Narcisse & Gamblast
71%
Pour ma famille ! Super Tourbillon ! Néphie & Tarenbulle
71%
Illusion Protectrice ! Laser Ténèbres ! N (Saison 2022) & Zoroark
71%
Pour changer le monde ! Éclair Gelé ! N (Ultime) & Kyurem (Noir)
71%
Impact Choupinova... Peaaace... Oléa & Granbull
71%
Inspiratiooon marine ! Impact Choupinova ! Oléa (Ultime) & Tokopisco
71%
La sirène en short ! Bulles d'O ! Ondine & Staross
71%
Laissez-faire la reine du piratage ! Voix Enjôleuse ! Pania & Nymphali
71%
Euh là ! Éruption Géo-Sismique ! Paulie & Bourrinos
71%
Passion épicée du cuistot ! Vindicte ! Pepper & Dogrino
71%
Joker sur la vague ! Aqua-Brèche ! Pieris (Ultime) & Sharpedo
71%
Poing Météore du collectionneur éclairé ! Pierre Rochard & Métalosse
71%
Dans la lignée du maître ! Impact Insecte ! René (Look Spécial) & Scarhino
71%
Admire la force pur ! Dracochoc ! Sandra & Hyporoi
71%
Les pièces s'assemblent enfin ! Laser Acier ! Sannah (Look Spécial) & Trousselin
71%
Offensive de la justice rouge ! Impact Acier ! Selene (Look Spécial) & Cizayox
71%
J'ai encore plus confiance en mon Pokémon ! Laser Vol ! Silver & Nostenfer
71%
Digne d'un roi légendaire ! Impact Glace ! Tarak (Saison 2021) & Sylveroy (Cavalier du Froid)
71%
La crème de la crème ! Laser Fée ! Travis & Sorcilence
71%
Tout pour la victoire ! Regard Glaçant ! Travis (Néo-Maître) & Artikodin de Galar
71%
Le génie en herbe qui a réponse à tout ! Laser Fée ! Trovato & Florges
71%
C'est bien, ça ! Avalanche ! Urup & Seracrawl
71%
Éclosion de gratitude et de courage ! Laser Plante ! Viviane (Saison 2025) & Shaymin (Forme Terrestre)
71%
L'avantage de l'expérience ! Impact Poison ! Agatha & Arbok
57%
Le roi du silence ! Laser Spectre ! Alistair & Ectoplasma
57%
Masques assortis ! Laser Spectre ! Alistair (Saison 2022) & Banshitrouye (Taille Ultra)
57%
La conservatrice de choc ! Impact Normal ! Aloé & Miradar
57%
Plus marin que la mer ! Hydroqueue ! Amana & Mégapagos
57%
Tragédie des cimes enneigées !bLaser Glace ! Anis (Saison 2024) & Momartik
57%
L'aînée se doit d'être raffinée ! Impact Plante ! Aurore & Viridium
57%
Le mental, la technique et le physique ! Impact Plante ! Carole & Chapignon
57%
Joyeuses acrobaties aériennes ! Impact Vol ! Carolina & Déflaisan
57%
Étudions les Pokémon ! Psyko ! Chen & Mew
57%
Epic win ! Fulguro-Lance Gigavolt ! Chrys & Togedemaru
57%
Éclat céleste ! Psycho-Pulvérisation EX ! Elio & Mentali
57%
Bienvenue sur le podium ! Eclair Fou ! Inézia & Zéblitz
57%
Ne faire qu'un ! Draco-Charge ! Iris (Maître) & Trioxhydre
57%
Duo-Laser Feu ! Joueur & Dracaufeu
57%
Science, ouvre la voie ! Tonnerre ! Lem & Iguolta
57%
Couleurs vives ! Laser Fée ! Lilie & Guérilande
57%
Vers l'épilogue ! Psychique ! Lucio & Girafarig
57%
De la curiosité à la fascination ! Impact Sol ! Percupio & Griknot
57%
Coup final ! Électacle ! Red (Ultime 2) & Pikachu
57%
Le pro du catch ! Body Press ! Royal Mask & Félinferno
57%
Un sourire radieux ! Lame Feuille ! Selene & Archéduc
57%
Âme solitaire ! Impact Eau ! Silver & Aligatueur
57%
Ça va être rock'n'roll ! Laser Poison ! Strykna (Ultime) & Salarsen (Forme Aigüe)
57%
Captivée au point d'être distraite ! Impact Fée ! Valériane & Mysdibule
57%
Boutefeu de la gratitude ! Viviane & Arcanin
57%
Que brûle le feu de la passion ! Surchauffe ! Adriane & Chartor
43%
Cool et distingué ! Impact Roche ! Chaz & Monthracite
43%
Dévoile tout au combat ! Aurasphère ! Cynthia (Ultime 3) & Lucario
43%
On te devance de peu ! Psycho-Pulvérisation EX ! Dexio & Mentali
43%
Rien n'est impossible ! Tempête Verte ! Echo & Majaspic
43%
Amour infini ! Apocalypsis Luminis ! Elsa-Mina (Ultime) & Necrozma (Crinière du Couchant)
43%
Les fleurs du bonheur, Éclat Magique ! Erika (Saison 2020) & Guérilande
43%
Ambition inarrêtable ! Impact Sol ! Giovanni (Ultime) & Nidoking
43%
Les recherches continuent ! Impact Insecte ! Hector & Insécateur
43%
Un tonnerre à faire trembler la terre ! Impact Électrik Joueur & Raikou
43%
Soif d'aventure, soif de combat ! Psyko ! Kalem & Mistigrix
43%
Jamais l'un sans l'autre ! Laser Acier ! Lévy ( Saison 2023 ) & Jirachi
43%
Le zéro absolu ! Laser Glace ! Lona & Lokhlass
43%
Vers la fête nocturne ! Impact Spectre ! Mortimer (Saison 2021) & Branette
43%
À la merci du gel ! Blizzard ! Olga & Lokhlass
43%
Obstacle inamovible ! Impact Normal ! Red & Ronflex
43%
Esprit du désert ! Laser Dragon ! Roy (Anniversaire 2022) & Libégon
43%
Le secret, c'est la pratique ! Plaie-Croix ! Sam & Scarabrute
43%
Danse du Nouvel An ! Laser Dragon ! Sandra (Saison 2024) & Draïeul
43%
Que des bons souvenirs ! Poing Dard ! Sannah & Blindépique
43%
Aussi charmante qu'élégante ! Laser Cryogénique ! Sina & Givrali
43%
Une étoile étincelante. Crocs Éclair ! Tanguy & Luxray
43%
Pour le plaisir de combattre ! Laser Électrik ! Tanguy & Raichu
43%
Jamais l'un sans l'autre ! Impact Vol ! Tatia ( Saison 2023 ) & Bamboiselle
43%
Galopons dans les ténèbres ! Laser Spectre ! Victor & Spectreval
43%
Mets le feu à l'Arène ! Surchauffe ! Adrien & Simiabraz
29%
Sur les ailes du vent ! Aéropique ! Albert & Hélédelle
29%
Souvenirs chéris ! Laser Vol ! Albert & Roucarnage
29%
Z'allez finir en yaourt ! Impact Roche ! Aldo & Onix
29%
Parcourons les cieux en symbiose ! Impact Vol ! Alizée & Altaria
29%
Le vent de la victoire ! Tranch'Air ! Alizée & Békipan
29%
Apocalypse Gigalithique étincelante ! Alyxia & Lougaroc (Nocturne)
29%
Un dur à l'air mimi ! Impact Roche ! Alyxia & Strassie
29%
J'suis déterminée ! Déluge Causti-Toxique ! Apocyne & Ectoplasma
29%
Vous osez vous frotter à nous ? Impact Poison ! Ariane & Arbok
29%
Couleur du bonheur ! Impact Fée ! Artie (Saison 2021) & Togepi
29%
Façonnons un chemin étoilé ! Psyko ! Astera & Cryptéro
29%
Unissons nos forces ! Martobois ! Aurore & Torterra
29%
Attention à la déferlante ! Cogne ! Bastien & Hariyama
29%
En quête de vérité ! Prescience ! Bianca & Mushana
29%
Distribution de joie infinie ! Impact Normal ! Blanche (Saison 2022) & Haydaim (Forme Hiver)
29%
Le plus puissant du monde ! Laser Feu ! Blue & Arcanin
29%
De l'imprudence à la défaite ! Impact Plante ! Blue & Noadkoko
29%
Rivalité enflammée ! Laser Feu ! Blue (Classique) & Dracaufeu
29%
100 % de chances de gagner ! Laser Acier ! Cardus & Magnézone
29%
Je m'occupe de ton cas ! Vent Violent ! Carolina (Anniversaire 2022) & Boréas (Totémique)
29%
Curiosité dissoute ! Laser Eau ! Célesta & Aquali
29%
Voici mon Pokémon favori ! Impact Acier ! Celosia & Airmure
29%
Ça va crépiter ! Laser Électrik ! Christy & Voltali
29%
L'incarnation du savoir ! Surf ! Christy (Ultime) & Suicune
29%
Bas les masques ! Psyko ! Clément & Xatu
29%
Vestige historique ! Impact Sol ! Cynthia & Tritosor (Mer Occident)
29%
Un combat trépidant ! Tranche-Nuit ! Damien & Absol
29%
La puissance des océans, Aqua-Brèche ! Donna & Torgamord
29%
Que tout s'assemble ! Apocalypse Gigalithique ! Elio (Ultra) & Ama-Ama
29%
La vraie beauté, c'est l'humilité ! Laser Plante ! Elsa-Mina & Fragilady
29%
Quelle Beauté ! Laser Plante ! Erika & Saquedeneu
29%
Épanouissement de couleurs éclatantes ! Laser Plante ! Erika (Saison 2025) & Floramantis
29%
Élégante traversée ! Hydrocanon ! Eusine & Suicune
29%
Double Évoli ! Laser Normal ! Éva (Poké Enfant) & Évoli
29%
Souvenirs du passé ! Impact Sol ! Giovanni & Rhinoféros
29%
Les meilleurs de l'équipe ! Impact Feu ! Gloria (Challenger) & Pyrobut (Feu)
29%
L'vent du karma ! Cocon Fatal ! Guzma & Migalos
29%
Brillons sans limites ! Laser Électrik ! Inézia & Statitik
29%
À travers la nuit enneigée ! Laser Électrik ! Jasmine (Saison 2022) & Pharamp
29%
Double Pikachu ! Laser Électrik ! Jean-Chu (Poké Enfant) & Pikachu
29%
Je gagnerai à la loyale ! Laser Feu ! Kalem & Feunnec
29%
Battons-nous côte à côte ! Laser Fée ! Kalem & Nymphali
29%
Relève l'épreuve ! Pouvoir Lunaire ! Lilie & Mélofée
29%
Fragrance du bonheur, Impact Insecte ! Lilie (Saison 2021) & Rubombelle
29%
Un goût particulier ! Laser Spectre ! Lilie (Spécial) & Polthégeist
29%
J'ai fait peau neuve ! Impact Poison ! Liv & Miasmax
29%
La passion du combat ! Tacle Feu ! Ludvina & Roitiflam
29%
Princesse enthousiaste ! Impact Roche ! Ludvina ( Look Spécial ) & Diancie
29%
Visons la victoire ! Bourdon ! Ludwig (Ultime) & Genesect
29%
Mister Survolté ! Laser Electrik ! Major Bob & Raichu
29%
Par ici les friandises ! Griffe Ombre ! Margie (Saison 2020) & Mimiqui
29%
Spectacle électrisant ! Laser Électrik ! Mashynn & Zapétrel
29%
On va leur démonter la tête ! Laser Vol ! Matis & Déflaisan
29%
Ça fait du bien de se défouler ! Câlinerie ! Menzi (Ultime) & Hurle-Queue
29%
Je vois ce que tu ne peux pas voir ! Laser Spectre ! Mortimer & Fantominus
29%
Le plus balèze des Profs ! Coup Fulgurant ! Nabil (Néo-Maître) & Électhor de Galar
29%
Je supporte pas la chaleur ! Impact Feu ! Nacchara & Pyroli
29%
Toujours plus de puissance ! Giga Impact ! Norman & Monaflèmit
29%
Première aurore ! Impact Vol ! Peter (Saison 2021) & Léviator
29%
Beauté des vestiges du passé ! Laser Roche ! Pierre Rochard & Vacilys
29%
Faisons la lumière sur cette affaire ! Impact Normal ! Pierre Rochard (Look Spécial) & Mastouffe
29%
On va devenir super balèze ! Laser Plante ! René & Roserade
29%
Pas question d'perdre ! Fureur Ardente ! Rosemary (Néo-Maître) & Sulfura de Galar
29%
Pour l'amour du type Roche ! Rayon Gemme ! Roxanne & Tarinorme
29%
Des souvenirs effroyables ! Impact Sol ! Roxanne (Saison 2023) & Tutétékri
29%
On va tout balayer ! Métalaser ! Roy & Duralugon
29%
Aussi Psy que chic ! Laser Psy ! Saturnin & Roigada de Galar
29%
Au clair de lune ! Trou Noir des Ombres ! Selene & Noctali
29%
Une gestuelle trop mignonne ! Apocalypse Gigalithique ! Selene (Ultra) & Zéroïd
29%
On va allumer le feu ! Laser Dragon ! Solane & Boumata
29%
Évaluons-les pour mieux tirer ! Laser Eau ! Travis & Lézargus
29%
Enseignements d'un cordon bleu ! Impact Normal ! Victor (Saison 2024) & Rongrigou
29%
Papillonnage dans le blizzard ! Laser Insecte ! Violette (Saison 2023) & Prismillon (Motif Blizzard)
29%
Une aura d'une puissance incroyable ! Impact Combat ! Armand & Lucario
14%
Accomplissons toutes les missions ! Impact Normal ! Cathy & Ronflex
14%
Charge maximum ! Impact Électrik ! Chrys & Grolem d'Alola
14%
Je vais vous engloutir ! Impact Glace ! Donna (Saison 2021) & Bekaglaçon
14%
Avançons avec courage ! Laser Spectre ! Flo (Saison 2024) & Sinistrail
14%
Ce lien qui nous unit ! Bourdon ! Goyah & Pyrax
14%
Ensemble sur le droit chemin ! Impact Roche ! Kyrill & Lougaroc (Forme Crépusculaire)
14%
Un Pokémon très rare ! Laser Fée ! Leaf & Mélodelfe
14%
Appel de la mer à la pleine lune ! Laser Spectre ! Margie (Saison 2024) & Moyade
14%
Éternel pacifique ! Pétalexplosion Éblouissante ! Margie (Ultime) & Tokotoro
14%
Un cœur tout feu tout flamme ! Impact Feu ! Rika & Pyroli
14%
À la cool ! Impact Fée ! Rosemary (Saison 2021) & Angoliath
14%
Faisons des efforts ! Impact Dragon ! Timmy & Altaria
14%
Montre-moi ce que tu vaux ! Laser Eau ! Adamantin & Aquali
0%
Accélération du temps ! Tranch'Herbe ! Adamantin & Phyllali
0%
Danse au clair de lune ! Impact Sol ! Adamantin (Look Spécial) & Ursaking
0%
Envol tranquille ! Laser Vol ! Albert & Noarfang
0%
Triomphe du bien sur le mal ! Impact Ténèbres ! Alexis & Crocorible
0%
Une nouvelle histoire ! Impact Dragon ! Amaryllis & Drattak
0%
Je m'empare de cette victoire ! Impact Ténèbres ! Amaryllis (Look Spécial) & Roublenard
0%
Pour notre gloire passée ! Impact Ténèbres ! Amos & Démolosse
0%
Merveilleux rêve ! ♪ Impact Fée ! Atalante (Saison 2023) & Galopa de Galar
0%
Tête brulée à l'attaque ! Nitrocharge ! Auguste & Galopa
0%
Le pouvoir des plantes ! Laser Insecte ! Aurore & Cheniselle (Cape Plante)
0%
Célébrons le Nouvel An ! Laser Spectre ! Aurore (Saison 2023) & Plumeline (Style Buyō)
0%
Un plat corsé ! Pétalexplosion Éblouissante ! Barbara & Lampignon
0%
Nom d'une louche ! Laser Dragon ! Barbara (Saison 2023) & Dratatin
0%
Surpuissance ultime ! Laser Psy ! Blue & Alakazam
0%
Le plus déterminé ! Lame de Roc ! Blue (Classique) & Ptéra
0%
Moments Inoubliables ! Draco-Météore ! Brice (Ultime) & Latios
0%
Test des connaissances et de motivation ! Laser Sol ! Cayenn & Barbicha
0%
Mignon et costaud ! Voix Enjôleuse ! Célesta (Saison 2020) & Rondoudou
0%
Allons de l'avant ! Impact Insecte ! Chammal (Spécial) &Limaspeed
0%
Préparez-vous à une bataille inouïe ! Laser Spectre ! Chammal (Ultime) & Lugulabre
0%
Vers la victoire ! Impact Insecte ! Chamsin (Spécial) & Lançargot
0%
Notre équipe est vraiment la meilleure ! Impact Électrik ! Chamsin (Ultime) & Ohmassacre
0%
Nous, on se bat avec nos poings ! Impact Combat ! Chuck & Tartard
0%
Avançons à tâtons ! Laser Spectre ! Cléa & Mordudor (Forme Marche)
0%
Battons-nous pour devenir les meilleurs ! Laser Psy ! Clément & Flagadoss
0%
Éclat éblouissant gravé à jamais ! Impact Roche ! Dianthéa & Rexillius
0%
Avenir glorieux ! Laser Combat ! Dianthéa ( Look Spécial ) & Keldeo
0%
Toujours avec le sourire ! Draco-Choc ! Dracéna & Kravarech
0%
Toujours à fond ! Impact Eau ! Echo & Mateloutre
0%
Maîtrise de soi ! Impact Glace ! Faïza (Saison 2022) & Sorbouboul
0%
Joie de vivre ! Laser Eau ! Flora & Wailmer
0%
Cœur battant ! Impact Normal ! Flora (Saison 2021) & Lockpin
0%
À l'assaut de ce vaste monde ! Impact Glace ! Gladio & Dimoret
0%
La bonne capacité au bon moment ! Impact Poison ! Gladio & Nosferalto
0%
Frissons dans le dos ! Laser Glace ! Gladys & Momartik
0%
Ça va piquer ! Impact Plante ! Gloria & Badabouin
0%
Le coup décisif ! Impact Combat ! Gloria (Challenger) & Pyrobut (Combat)
0%
Du beau jeu plein les yeux ! Impact Vol ! Gloria (Challenger) & Pyrobut (Vol)
0%
Montre-moi de quoi tu es capable ! Impact Eau ! Gloria (Dojo) & Shifours (Style Mille poings)
0%
Droit au cœur ! Laser Eau ! Gloria (Saison 2021) & Lézargus
0%
Terreur des montagnes enneigées ! Impact Glace ! Grusha & Polagriffe
0%
J'vais t'faire ta fête ! Impact Combat ! Guzma ( Look Spécial ) & Mouscoto
0%
As-tu peur ? Laser Spectre ! Héléna (Mystimaniac) & Spectrum
0%
Rêve d'un monde parfait ! Vibrobscur ! Hélio (Ultime) & Darkrai
0%
Prêts à avoir le tournis ? Laser Électrik ! Inézia (Classique) & Emolga
0%
Du plus profond du cœur ! Laser Poison ! Iris (Saison 2022) & Mandrillon
0%
Durs, froids, piquants et forts ! Impact Acier ! Jasmine & Magnéti
0%
Coeur inébranlable ! Laser Acier ! Jasmine ( Look Spécial ) & Bamboiselle
0%
Constance du kimono blanc ! Laser Fée ! Joséphine (Fille en Kimono) & Cupcanaille
0%
Justice d'acier ! Impact Combat ! Joueur & Cobaltium
0%
Roches millénaires ! Impact Roche ! Joueur & Regirock
0%
Forgé dans les temps anciens ! Impact Acier ! Joueur & Registeel
0%
Victoire par la puissance des flammes ! Laser Feu ! Kabu & Chartor
0%
Les flammes de la détermination ! Impact Feu ! Kabu & Scolocendre
0%
Esprit combatif enfoui ! Tranche-Nuit ! Kalem (Néo-Maître) & Amphinobi (Ténèbres)
0%
Baptême du feu ! Pyro-Explosion Cataclysmique ! Kiawe & Arcanin
0%
Digne du kimono noir ! Laser Fée ! Kirika (Fille en Kimono) & Azumarill
0%
Apparences trompeuses ! Laser Poison ! Lambda & Smogogo
0%
Voilà un jet qui va tout transpercer ! Laser Eau ! Leaf & Tortank
0%
Une performance digne d'une diva ! Laser Fée ! Lilie (Saison 2024) & Oratoria
0%
Ni doux ni dingue, Tomberoche ! Lino & Dragmara
0%
Beauté du kimono fleuri ! Laser Fée ! Lizzy (Fille en Kimono) & Kirlia
0%
La flamme du savoir ! Laser Feu ! Louka & Pyroli
0%
Notre volonté est inébranlable ! Impact Sol ! Louka & Torterra
0%
La force de la photosynthèse ! Impact Plante ! Ludvina & Phyllali
0%
Esprit inébranlable ! Impact Combat ! Ludvina (Saison 2022) & Krakos
0%
Sang-froid face au blizzard ! Laser Glace ! Ludwig & Givrali
0%
Je serai courageux ! Mâchouille ! Ludwig (Saison 2020) & Grahyena
0%
Prends la pose ! Impact Spectre ! Margie & Branette
0%
Tente de me vaincre ! Impact Ténèbres ! Marion & Noctali
0%
Avec ou sans sandale, Pied Voltige ! Mélina & Charmina
0%
Motivés à y aller à fond ! Impact Roche ! Menzi & Lougaroc
0%
Qualité et PRO-FES-SION-NA-LIS-ME ! Laser Glace ! Méridia & Regice
0%
Comme une supernova ! Vrille Maximum ! Molène & Triopikeur d'Alola
0%
Année sereine ! Laser Psy ! Morgane (Saison 2022) & Korillon
0%
L'harmonie de l'équipe avant tout ! Impact Plante ! Nabil & Gorythmic
0%
On va grave gérer ! Impact Électrik ! Nabil & Wattapik
0%
Exploration du vaste monde ! Laser Glace ! Nacchara & Givrali
0%
Danse au son de la flûte ! Laser Spectre ! Nacchara (Look Spécial) & Zoroark de Hisui
0%
Mémoire éternelle ! Laser Psy ! N & Cryptéro
0%
Naviguons sur un océan d'émotions ! Laser Eau ! Néphie & Lanturn
0%
Innocente malice ! Psycho-Pulvérisation EX ! Néphie (Ultime) & Tokopiyon
0%
Une expérience unique ! Laser Sol ! Ninna (Vacancière) & Sablaireau
0%
Détermination à toute épreuve ! Impact Glace ! Olga & Crustabri
0%
Ma tactique ? Laser Eau ! Ondine (Maillot) & Psykokwak
0%
Vous allez goûter à une défaite amère ! Impact Roche ! Pepper & Selutin
0%
Éclat sinistre ! Impact Ténèbres ! Percila (Saison 2021) & Ténéfix
0%
Vous voilà presque sans défense ! Laser Dragon ! Peter & Draco
0%
Plus proches du mythe que de la réalité ! Laser Dragon ! Peter & Hyporoi
0%
Force et fermeté de la pierre ! Impact Roche ! Pierre & Kabutops
0%
Un peu de sang-froid. Chute Glace ! Pierre Rochard (Saison 2020) & Sablaireau d'Alola
0%
Le début d'une aventure ! Laser Plante ! Platane & Bulbizarre
0%
Chevauchée du bonheur ! Impact Plante ! Platane (Saison 2023) & Chevroum
0%
Calme de nature... ! Laser Plante ! Red & Florizarre
0%
Tempête silencieuse ! Blizzard ! Red (Néo-Maître) & Artikodin
0%
Voilà notre hymne de combat ! Impact Eau ! René & Mustéflott
0%
On va pas s'laisser faire ! Impact Ténèbres ! Rosemary & Baggaïd
0%
Avec moi ! Laser Poison ! Rosemary & Coatox
0%
J'vais vous remballer ! Éclair Fou ! Rosemary & Morpeko
0%
Encouragés à donner l'meilleur ! Impact Feu ! Rosemary & Pyrobut
0%
Doux sentiments ! Impact Acier ! Rosemary (Saison 2022) & Mysdibule
0%
J'vais t'réduire en poussière ! Impact Roche ! Roy & Gigalithe
0%
Avec ton cœur et ton corps ! Impact Insecte ! Sam & Ninjask
0%
On a bien fait de faire ce voyage ! Impact Normal ! Sannah & Delcatty
0%
Ce combat est vraiment palpitant ! Laser Fée ! Sannah & Nymphali
0%
Un cri dans la forêt ! Mégaphone ! Sara & Leuphorie
0%
Nous mourons d'envie de nous battre ! Laser Eau ! Sara & Wailord
0%
Chant du commencement ! Impact Vol ! Serena & Passerouge
0%
Combattre sans retenue ! Tranche-Nuit ! Serena (Néo-Maître) & Amphinobi (Ténèbres)
0%
Amour doux-amer ! Laser Fée ! Serena (Saison 2021) & Farfaduvet
0%
Pas une minute à perdre ! Impact Acier ! Shehroz & Pachyradjah
0%
Au nom de la vérité ! Éclair Fou ! Sonya & Voltoutou
0%
Éclat de rire victorieux ! Impact Plante ! Sonya (Spécial) & Sucreine
0%
Brillant comme l'or ! Impact Spectre ! Spectra (Saison 2023) & Tutankafer
0%
Excellente année ! Laser Électrik ! Tanguy (Saison 2022) & Élekable
0%
Atteignons le sommet ! Impact Dragon ! Tarak (Alternatif) & Lanssorien
0%
Vers l'éternité ! Laser Dragon ! Tarak (Ultime) & Ethernatos
0%
Tout pour me rapprocher de mon idéal ! Laser Ténèbres ! Tcheren & Chacripan
0%
Apprenons qui nous sommes ! Laser Ténèbres ! Tcheren & Léopardus
0%
Notre lien fait notre force ! Séisme ! Terry & Hippodocus
0%
Le meilleur groupe de backup ! Impact Ténèbres ! Tierno & Colhomard
0%
Suivons ce rythme endiablé ! Laser Feu ! Tierno & Flambusard
0%
Ça me donne envie de me battre ! Impact Normal ! Timmy & Delcatty
0%
Un plan méticuleux ! Impact Plante ! Victor & Gorythmic
0%
Silence, moteur, Éclats Glace ! Zhu & Hexagel
0%
Repeindre ce monde aux couleurs du Mal ! Laser Ténèbres ! Zhuman & Zoroark
0%
Aucun quiz correspondant
Distribution des résultats
% des personnes avec chaque résultat
Percentile par nombre de réponses
Votre historique - résultats
Vous n’avez pas pris ce quiz depuis la dernière actualisation